000 00883nam a2200289 i 4500
003 EG-GICUC
005 20260129191340.0
008 260129s1955 uk ||||fr ||| 00| 0 eng d
040 _aEG-GICUC
_cEG-GICUC
_dEG-GICUC
_erda
_beng
041 0 _aeng
082 0 4 _221
_a341.81
_bSH . N
092 0 4 _221
099 _aLaw1 12 341.81 SH . N 1955
100 1 _aC.Shafer,Boyd
_eAuthor.
245 _aNationalism Myth And Reality /
_cBoyd C.Shafer .
264 0 _aLondon :
_bVictor Gollancz Limited ,
_c1955 .
300 _a319 Pages;
_c30 cm.
336 _atext
_2rda content
337 _aComputer
_2rda media
338 _aOnline Resource
_2rda carrier
546 _aText in English
650 0 4 _aPrivate international law
650 0 4 _aNationality - International Law
856 _uhttps://fll.law.cu.edu.eg/fulltext/th/B12-02471.pdf
905 _a59
942 _2ddc
_cBK
_e21
_n0
999 _c60069
_d60069